[Event "ewcc-2015"]
[Site "Chakvi. Adjara"]
[Date "2015.05.21"]
[Round "3.9"]
[White "Galliamova, Alisa"]
[Black "Guramishvili, Sopiko"]
[Result "1-0"]
[LiveChessVersion "1.3.1"]
[BlackElo "2370"]
[WhiteElo "2478"]

1. d4 {[%clk 1:30:57]} Nf6 {[%clk 1:30:52]} 2. c4 {[%clk 1:31:21]} g6
{[%clk 1:31:18]} 3. Nf3 {[%clk 1:31:12]} Bg7 {[%clk 1:31:37]} 4. e3
{[%clk 1:30:49]} O-O {[%clk 1:31:23]} 5. Be2 {[%clk 1:30:59]} d6 {[%clk 1:29:42]}
6. O-O {[%clk 1:31:13]} Nc6 {[%clk 1:24:49]} 7. d5 {[%clk 1:24:23]} Nb8
{[%clk 1:21:31]} 8. Nc3 {[%clk 1:23:47]} Na6 {[%clk 1:14:14]} 9. Nd4
{[%clk 1:14:36]} Bd7 {[%clk 1:05:37]} 10. Bf3 {[%clk 1:08:25]} Rb8
{[%clk 0:59:26]} 11. Rb1 {[%clk 1:00:00]} e5 {[%clk 0:52:42]} 12. dxe6
{[%clk 0:49:40]} fxe6 {[%clk 0:50:51]} 13. b4 {[%clk 0:43:06]} Qe7
{[%clk 0:43:01]} 14. Ndb5 {[%clk 0:39:29]} Ne8 {[%clk 0:40:43]} 15. Bd2
{[%clk 0:23:51]} c6 {[%clk 0:37:10]} 16. Nxa7 {[%clk 0:24:01]} Qh4
{[%clk 0:27:28]} 17. b5 {[%clk 0:13:47]} cxb5 {[%clk 0:22:20]} 18. cxb5
{[%clk 0:13:01]} Nc5 {[%clk 0:22:44]} 19. b6 {[%clk 0:12:32]} Be5
{[%clk 0:22:20]} 20. h3 {[%clk 0:12:20]} Ng7 {[%clk 0:19:32]} 21. a3
{[%clk 0:10:50]} Nf5 {[%clk 0:18:50]} 22. Rb4 {[%clk 0:10:21]} Qd8
{[%clk 0:19:04]} 23. Bg4 {[%clk 0:07:29]} Ne7 {[%clk 0:17:19]} 24. e4
{[%clk 0:06:37]} Nd3 {[%clk 0:15:20]} 25. Rb3 {[%clk 0:05:51]} Nc5
{[%clk 0:15:11]} 26. Rb4 {[%clk 0:05:46]} Nd3 {[%clk 0:15:00]} 27. Rb1
{[%clk 0:03:34]} h5 {[%clk 0:14:52]} 28. Bf3 {[%clk 0:03:22]} Nc5
{[%clk 0:13:16]} 29. Qe2 {[%clk 0:02:13]} Nc6 {[%clk 0:12:21]} 30. Nxc6
{[%clk 0:02:08]} bxc6 {[%clk 0:12:36]} 31. Qe3 {[%clk 0:02:08]} Bf4
{[%clk 0:11:34]} 32. Qe1 {[%clk 0:01:51]} Nd3 {[%clk 0:09:14]} 33. Qd1
{[%clk 0:01:37]} Qg5 {[%clk 0:04:49]} 34. Bxf4 {[%clk 0:01:36]} Nxf4
{[%clk 0:05:18]} 35. Kh1 {[%clk 0:01:57]} e5 {[%clk 0:04:51]} 36. Qxd6
{[%clk 0:01:53]} Rb7 {[%clk 0:05:03]} 37. Ne2 {[%clk 0:01:27]} Nxh3
{[%clk 0:05:07]} 38. Rb3 {[%clk 0:00:58]} Rf6 {[%clk 0:03:36]} 39. Qe7
{[%clk 0:01:10]} Qh4 {[%clk 0:02:50]} 40. Qd8+ {[%clk 0:31:14]} Kg7
{[%clk 0:32:55]} 41. g3 {[%clk 0:09:21]} Nxf2+ {[%clk 0:25:16]} 42. Kg2
{[%clk 0:07:26]} Qh3+ {[%clk 0:24:41]} 43. Kxf2 {[%clk 0:07:04]} Be6
{[%clk 0:20:51]} 44. Ke1 {[%clk 0:02:36]} Bxb3 {[%clk 0:16:11]} 45. Qxf6+
{[%clk 0:03:00]} Kxf6 {[%clk 0:16:38]} 46. Bg2+ {[%clk 0:03:25]} Qf5
{[%clk 0:16:22]} 47. exf5 {[%clk 0:03:51]} gxf5 {[%clk 0:16:30]} 48. Bxc6
{[%clk 0:00:40]} Rxb6 {[%clk 0:16:56]} 49. Bf3 {[%clk 0:00:57]} Ra6
{[%clk 0:15:55]} 50. Bxh5 {[%clk 0:01:20]} Rxa3 {[%clk 0:16:19]} 51. Kf2
{[%clk 0:01:23]} Bd5 {[%clk 0:16:07]} 52. Rd1 {[%clk 0:01:40]} Be4
{[%clk 0:16:05]} 53. Rd6+ {[%clk 0:01:02]} Ke7 {[%clk 0:14:35]} 54. Rb6
{[%clk 0:00:43]} Kd7 {[%clk 0:14:21]} 55. Rb2 {[%clk 0:00:41]} Kd6
{[%clk 0:14:21]} 56. Rd2+ {[%clk 0:00:43]} Ke6 {[%clk 0:14:39]} 57. Ng1
{[%clk 0:00:46]} Ra8 {[%clk 0:12:30]} 58. Rb2 {[%clk 0:00:39]} Kd6
{[%clk 0:12:03]} 59. Bf3 {[%clk 0:00:42]} Bxf3 {[%clk 0:09:54]} 60. Nxf3
{[%clk 0:01:08]} Ra5 {[%clk 0:05:03]} 61. Rb6+ {[%clk 0:01:14]} Kd5
{[%clk 0:03:56]} 62. Rb2 {[%clk 0:01:04]} Kd6 {[%clk 0:03:01]} 63. Nh4
{[%clk 0:01:07]} f4 {[%clk 0:02:46]} 64. g4 {[%clk 0:01:34]} e4 {[%clk 0:03:10]}
65. Kg2 {[%clk 0:01:28]} Kc6 {[%clk 0:01:07]} 66. Rf2 {[%clk 0:01:24]} f3+
{[%clk 0:01:13]} 67. Kg3 {[%clk 0:01:46]} Kd5 {[%clk 0:00:43]} 68. Kf4
{[%clk 0:01:50]} Kd4 {[%clk 0:00:47]} 69. Nf5+ {[%clk 0:01:19]} Kd3
{[%clk 0:01:11]} 70. g5 {[%clk 0:01:01]} Ra4 {[%clk 0:01:30]} 71. Ne3
{[%clk 0:00:48]} Ra8 {[%clk 0:01:12]} 72. Nf5 {[%clk 0:00:39]} Ra4
{[%clk 0:01:00]} 73. Ne3 {[%clk 0:00:45]} Ra8 {[%clk 0:01:26]} 74. Ng4
{[%clk 0:00:52]} Rf8+ {[%clk 0:01:07]} 75. Nf6 {[%clk 0:01:02]} Rf7
{[%clk 0:01:09]} 76. Ra2 {[%clk 0:00:59]} e3 {[%clk 0:00:42]} 77. Kxf3
{[%clk 0:01:16]} Rg7 {[%clk 0:00:54]} 78. Ra5 {[%clk 0:00:41]} e2
{[%clk 0:01:14]} 79. Rd5+ {[%clk 0:01:00]} Ke4+ {[%clk 0:00:20]} 80. Kxe4 1-0

[Event "ewcc-2015"]
[Site "Chakvi. Adjara"]
[Date "2015.05.21"]
[Round "3.11"]
[White "Khurtsidze, Nino"]
[Black "Charkhalashvili, Inga"]
[Result "1-0"]
[LiveChessVersion "1.3.1"]
[BlackElo "2318"]
[WhiteElo "2451"]

1. e4 {[%clk 1:30:57]} e5 {[%clk 1:30:38]} 2. Nf3 {[%clk 1:31:18]} Nc6
{[%clk 1:31:01]} 3. Bc4 {[%clk 1:31:28]} Nf6 {[%clk 1:26:44]} 4. O-O
{[%clk 1:31:13]} Be7 {[%clk 1:24:53]} 5. d4 {[%clk 1:31:06]} d6 {[%clk 1:22:35]}
6. h3 {[%clk 1:28:32]} exd4 {[%clk 1:09:23]} 7. Re1 {[%clk 1:23:35]} Ne5
{[%clk 1:06:27]} 8. Be2 {[%clk 1:20:10]} c5 {[%clk 1:05:09]} 9. c3
{[%clk 1:20:26]} dxc3 {[%clk 1:04:57]} 10. Nxc3 {[%clk 1:20:52]} O-O
{[%clk 1:05:10]} 11. Bf4 {[%clk 1:21:08]} Ng6 {[%clk 1:02:12]} 12. Bh2
{[%clk 1:14:13]} Qb6 {[%clk 0:54:41]} 13. Qc2 {[%clk 1:10:12]} Be6
{[%clk 0:46:30]} 14. Rad1 {[%clk 1:09:07]} Rfd8 {[%clk 0:43:42]} 15. Ng5
{[%clk 1:05:49]} Bd7 {[%clk 0:33:49]} 16. Bc4 {[%clk 1:04:29]} Be8
{[%clk 0:33:37]} 17. f4 {[%clk 1:04:34]} Qb4 {[%clk 0:26:07]} 18. Qe2
{[%clk 0:57:13]} h6 {[%clk 0:23:47]} 19. Nf3 {[%clk 0:53:30]} b5 {[%clk 0:18:50]}
20. Nxb5 {[%clk 0:46:37]} Bxb5 {[%clk 0:16:24]} 21. Bxb5 {[%clk 0:47:02]} Rab8
{[%clk 0:16:39]} 22. a4 {[%clk 0:44:32]} Nf8 {[%clk 0:14:52]} 23. e5
{[%clk 0:40:24]} N6h7 {[%clk 0:10:16]} 24. f5 {[%clk 0:38:54]} Rb6
{[%clk 0:08:57]} 25. exd6 {[%clk 0:29:40]} Bxd6 {[%clk 0:09:17]} 26. Ne5
{[%clk 0:29:44]} Qh4 {[%clk 0:07:20]} 27. Kh1 {[%clk 0:20:04]} Bxe5
{[%clk 0:06:40]} 28. Qxe5 {[%clk 0:18:05]} Rxd1 {[%clk 0:05:11]} 29. Rxd1
{[%clk 0:18:31]} Qf6 {[%clk 0:04:11]} 30. b3 {[%clk 0:18:24]} Ng5
{[%clk 0:03:48]} 31. Bc4 {[%clk 0:14:50]} Qxe5 {[%clk 0:02:34]} 32. Bxe5
{[%clk 0:15:16]} Rb7 {[%clk 0:02:37]} 33. Rd8 {[%clk 0:15:01]} Rd7
{[%clk 0:02:53]} 34. Rc8 {[%clk 0:10:54]} Ne4 {[%clk 0:03:08]} 35. Kh2
{[%clk 0:11:03]} h5 {[%clk 0:02:59]} 36. Bf4 {[%clk 0:08:48]} h4 {[%clk 0:03:07]}
37. Be2 {[%clk 0:08:53]} Rd5 {[%clk 0:01:12]} 38. Bf3 {[%clk 0:06:21]} Rxf5
{[%clk 0:01:40]} 39. Be3 {[%clk 0:06:10]} Ng5 {[%clk 0:00:52]} 40. Bg4
{[%clk 0:32:31]} Re5 {[%clk 0:30:31]} 41. Bxc5 {[%clk 0:32:43]} Ngh7
{[%clk 0:27:30]} 42. Bxa7 {[%clk 0:30:36]} f5 {[%clk 0:27:55]} 43. Bf3
{[%clk 0:30:48]} Kf7 {[%clk 0:23:06]} 44. Rc7+ {[%clk 0:28:52]} Ke6
{[%clk 0:22:51]} 45. Rxg7 {[%clk 0:27:02]} Nf6 {[%clk 0:23:09]} 46. Bd4
{[%clk 0:27:09]} Re1 {[%clk 0:23:33]} 47. Bc5 {[%clk 0:26:44]} Kd5 1-0

[Event "ewcc-2015"]
[Site "Chakvi. Adjara"]
[Date "2015.05.21"]
[Round "3.15"]
[White "Gaponenko, Inna"]
[Black "Zhorzholiani, Meri"]
[Result "1/2-1/2"]
[LiveChessVersion "1.3.1"]
[BlackElo "2071"]
[WhiteElo "2391"]

1. e4 {[%clk 1:30:57]} e6 {[%clk 1:30:50]} 2. d4 {[%clk 1:28:34]} d5
{[%clk 1:31:14]} 3. Nd2 {[%clk 1:28:57]} c5 {[%clk 1:31:28]} 4. exd5
{[%clk 1:27:02]} exd5 {[%clk 1:31:48]} 5. Ngf3 {[%clk 1:26:51]} Nc6
{[%clk 1:31:57]} 6. Bb5 {[%clk 1:19:22]} Bd6 {[%clk 1:31:42]} 7. dxc5
{[%clk 1:14:56]} Bxc5 {[%clk 1:32:02]} 8. O-O {[%clk 1:11:19]} Nge7
{[%clk 1:32:08]} 9. Nb3 {[%clk 1:11:41]} Bd6 {[%clk 1:32:04]} 10. Bg5
{[%clk 0:42:52]} f6 {[%clk 1:28:35]} 11. Bh4 {[%clk 0:42:29]} O-O
{[%clk 1:28:46]} 12. Re1 {[%clk 0:35:22]} Qc7 {[%clk 1:26:25]} 13. Bg3
{[%clk 0:26:55]} Bxg3 {[%clk 1:14:12]} 14. hxg3 {[%clk 0:27:09]} Ne5
{[%clk 1:10:00]} 15. Nbd4 {[%clk 0:24:43]} a6 {[%clk 1:02:46]} 16. Ba4
{[%clk 0:22:25]} Bg4 {[%clk 1:01:36]} 17. Qd2 {[%clk 0:15:14]} N7g6
{[%clk 0:54:13]} 18. Nh2 {[%clk 0:14:41]} Bd7 {[%clk 0:46:29]} 19. Bxd7
{[%clk 0:13:27]} Qxd7 {[%clk 0:46:24]} 20. Rad1 {[%clk 0:13:52]} Rfe8
{[%clk 0:41:53]} 21. b3 {[%clk 0:12:58]} Rad8 {[%clk 0:37:37]} 22. Nf1
{[%clk 0:13:05]} h5 {[%clk 0:28:01]} 23. Ne3 {[%clk 0:10:32]} h4 {[%clk 0:25:28]}
24. Ndf5 {[%clk 0:10:46]} hxg3 {[%clk 0:25:31]} 25. Nxg3 {[%clk 0:11:09]} Nh4
{[%clk 0:23:39]} 26. Qb4 {[%clk 0:00:58]} d4 {[%clk 0:22:41]} 27. Kf1
{[%clk 0:01:24]} Qf7 {[%clk 0:16:37]} 28. Nef5 {[%clk 0:00:41]} Nc6
{[%clk 0:14:14]} 29. Qd2 {[%clk 0:00:06]} Nxf5 {[%clk 0:13:54]} 30. Nxf5
{[%clk 0:01:05]} Qh5 {[%clk 0:11:57]} 31. Ng3 {[%clk 0:01:32]} Qg4
{[%clk 0:10:24]} 32. Rxe8+ {[%clk 0:01:50]} Rxe8 {[%clk 0:10:49]} 33. Re1
{[%clk 0:02:14]} Re5 {[%clk 0:10:20]} 34. Qd1 {[%clk 0:01:21]} Qf4
{[%clk 0:07:41]} 35. Qd3 {[%clk 0:01:16]} Qh4 {[%clk 0:06:17]} 36. Rxe5
{[%clk 0:00:55]} fxe5 {[%clk 0:06:08]} 37. Qf5 {[%clk 0:00:45]} Qe7
{[%clk 0:02:47]} 38. Ne4 {[%clk 0:01:04]} Qh4 {[%clk 0:01:55]} 39. Kg1
{[%clk 0:00:46]} Qf4 {[%clk 0:01:44]} 40. Qe6+ {[%clk 0:30:51]} Kh7
{[%clk 0:31:56]} 41. Qh3+ {[%clk 0:17:53]} Kg6 {[%clk 0:30:37]} 42. Qe6+
{[%clk 0:18:11]} Kh7 {[%clk 0:30:55]} 43. f3 {[%clk 0:18:09]} Nb4
{[%clk 0:25:39]} 44. Qh3+ {[%clk 0:15:48]} Kg6 {[%clk 0:25:50]} 45. Qe6+
{[%clk 0:03:43]} Kh7 {[%clk 0:26:15]} 46. Qh3+ {[%clk 0:03:52]} Kg6
{[%clk 0:26:38]} 47. Qc8 {[%clk 0:03:32]} Qc1+ {[%clk 0:26:37]} 48. Kh2
{[%clk 0:03:54]} Qh6+ {[%clk 0:26:34]} 49. Kg1 {[%clk 0:04:18]} Qc1+
{[%clk 0:26:57]} 50. Kh2 {[%clk 0:04:44]} Qh6+ {[%clk 0:27:23]} 51. Kg1
{[%clk 0:04:39]} 1/2-1/2

[Event "ewcc-2015"]
[Site "Chakvi. Adjara"]
[Date "2015.05.21"]
[Round "3.24"]
[White "Belenkaya, Dina"]
[Black "Guseva, Marina"]
[Result "0-1"]
[LiveChessVersion "1.3.1"]
[BlackElo "2391"]
[WhiteElo "2235"]

1. e4 {[%clk 1:30:56]} c6 {[%clk 1:30:56]} 2. d4 {[%clk 1:31:11]} d5
{[%clk 1:31:21]} 3. Nc3 {[%clk 1:31:26]} dxe4 {[%clk 1:31:46]} 4. Nxe4
{[%clk 1:31:51]} Bf5 {[%clk 1:32:13]} 5. Ng3 {[%clk 1:32:15]} Bg6
{[%clk 1:32:38]} 6. h4 {[%clk 1:32:35]} h6 {[%clk 1:33:03]} 7. Nf3
{[%clk 1:32:58]} Nd7 {[%clk 1:33:27]} 8. h5 {[%clk 1:33:17]} Bh7 {[%clk 1:33:53]}
9. Bd3 {[%clk 1:33:37]} Bxd3 {[%clk 1:34:18]} 10. Qxd3 {[%clk 1:34:04]} e6
{[%clk 1:34:42]} 11. Bd2 {[%clk 1:34:22]} Ngf6 {[%clk 1:35:07]} 12. O-O-O
{[%clk 1:34:38]} Be7 {[%clk 1:35:32]} 13. Kb1 {[%clk 1:34:55]} Qb6
{[%clk 1:35:56]} 14. Ne4 {[%clk 1:33:29]} Rd8 {[%clk 1:35:54]} 15. g4
{[%clk 1:32:35]} Nxg4 {[%clk 1:14:47]} 16. Rhg1 {[%clk 1:31:56]} f5
{[%clk 1:13:48]} 17. Rde1 {[%clk 1:07:30]} O-O {[%clk 0:49:45]} 18. Qc4
{[%clk 1:03:35]} Rf7 {[%clk 0:47:31]} 19. Qxe6 {[%clk 0:59:10]} Nf8
{[%clk 0:35:02]} 20. Qc4 {[%clk 0:56:09]} Ba3 {[%clk 0:25:39]} 21. Qb3
{[%clk 0:31:56]} Qxb3 {[%clk 0:17:46]} 22. axb3 {[%clk 0:31:56]} Be7
{[%clk 0:16:35]} 23. Ng3 {[%clk 0:28:29]} Bd6 {[%clk 0:16:34]} 24. Re2
{[%clk 0:18:55]} Kh7 {[%clk 0:16:38]} 25. Bc3 {[%clk 0:15:50]} Bxg3
{[%clk 0:11:54]} 26. Rxg3 {[%clk 0:14:16]} Rd5 {[%clk 0:11:18]} 27. Bb4
{[%clk 0:12:04]} Rd8 {[%clk 0:11:32]} 28. c4 {[%clk 0:11:20]} Nd7
{[%clk 0:05:57]} 29. Ne5 {[%clk 0:06:30]} Re8 {[%clk 0:06:08]} 30. f4
{[%clk 0:05:36]} Ndf6 {[%clk 0:05:01]} 31. Rh3 {[%clk 0:04:20]} Rd7
{[%clk 0:02:45]} 32. Bc3 {[%clk 0:04:08]} Rdd8 {[%clk 0:02:59]} 33. Kc2
{[%clk 0:03:39]} Re6 {[%clk 0:02:55]} 34. b4 {[%clk 0:03:23]} a6 {[%clk 0:02:14]}
35. Rh1 {[%clk 0:03:10]} Rde8 {[%clk 0:02:38]} 36. Rh3 {[%clk 0:03:11]} Rd6
{[%clk 0:01:27]} 37. Rh1 {[%clk 0:03:08]} Nd7 {[%clk 0:01:04]} 38. Rh3
{[%clk 0:02:38]} Nf8 {[%clk 0:01:09]} 39. Kb1 {[%clk 0:01:35]} Nf6
{[%clk 0:00:53]} 40. Re1 {[%clk 0:30:36]} Ne6 {[%clk 0:31:08]} 41. Nf7
{[%clk 0:17:16]} Rd7 {[%clk 0:31:15]} 42. Ne5 {[%clk 0:12:41]} Rdd8
{[%clk 0:29:57]} 43. Nf7 {[%clk 0:10:24]} Rd7 {[%clk 0:16:08]} 44. Ne5
{[%clk 0:08:45]} Rc7 {[%clk 0:16:22]} 45. Ng6 {[%clk 0:08:12]} Ne4
{[%clk 0:16:38]} 46. Rhe3 {[%clk 0:05:42]} Rd8 {[%clk 0:11:12]} 47. Rd1
{[%clk 0:04:41]} Rcd7 {[%clk 0:10:27]} 48. Ne5 {[%clk 0:04:06]} Re7
{[%clk 0:10:41]} 49. Ng6 {[%clk 0:04:01]} Ree8 {[%clk 0:11:04]} 50. Kc1
{[%clk 0:02:13]} Nf6 {[%clk 0:05:24]} 51. Rde1 {[%clk 0:02:25]} Nc7
{[%clk 0:03:48]} 52. Ne7 {[%clk 0:01:30]} Nxh5 {[%clk 0:03:28]} 53. Nxf5
{[%clk 0:01:21]} Rxe3 {[%clk 0:00:44]} 54. Rxe3 {[%clk 0:01:47]} Rd7
{[%clk 0:01:11]} 55. Re4 {[%clk 0:01:01]} Kg6 {[%clk 0:00:46]} 56. Nh4+
{[%clk 0:01:09]} Kf7 {[%clk 0:01:11]} 57. Re5 {[%clk 0:01:26]} g6
{[%clk 0:01:18]} 58. Ng2 {[%clk 0:00:52]} Ng3 {[%clk 0:01:25]} 59. Nh4
{[%clk 0:00:56]} Ne6 {[%clk 0:00:43]} 60. Nxg6 {[%clk 0:00:42]} Nxd4
{[%clk 0:00:45]} 61. Nh8+ {[%clk 0:00:54]} Kg7 {[%clk 0:00:55]} 62. Re8
{[%clk 0:01:16]} h5 {[%clk 0:00:49]} 63. Kd2 {[%clk 0:01:09]} h4 {[%clk 0:00:52]}
64. Ke3 {[%clk 0:01:36]} Ngf5+ {[%clk 0:00:57]} 65. Kf2 {[%clk 0:01:57]} Kh6
{[%clk 0:00:53]} 66. Rf8 {[%clk 0:01:00]} Re7 {[%clk 0:00:47]} 67. Rf6+
{[%clk 0:01:12]} Kh5 {[%clk 0:01:05]} 68. Bxd4 {[%clk 0:01:05]} Nxd4
{[%clk 0:01:31]} 69. Nf7 {[%clk 0:01:21]} Re2+ {[%clk 0:01:32]} 70. Kf1
{[%clk 0:01:45]} Kg4 {[%clk 0:00:43]} 71. f5 {[%clk 0:00:51]} Rxb2
{[%clk 0:00:43]} 72. Ne5+ {[%clk 0:01:12]} Kg5 {[%clk 0:01:03]} 73. Rf7
{[%clk 0:01:16]} h3 {[%clk 0:00:58]} 74. Rh7 {[%clk 0:00:52]} h2 {[%clk 0:01:01]}
75. Nd3 {[%clk 0:01:12]} Rd2 {[%clk 0:01:06]} 76. Nf2 {[%clk 0:01:20]} Nxf5
{[%clk 0:00:33]} 77. Rxh2 {[%clk 0:00:40]} Rd4 {[%clk 0:00:37]} 78. Rh7
{[%clk 0:00:52]} b5 {[%clk 0:00:38]} 79. cxb5 {[%clk 0:01:08]} axb5
{[%clk 0:00:58]} 80. Rc7 {[%clk 0:01:16]} Rc4 {[%clk 0:01:21]} 81. Nd3
{[%clk 0:01:30]} Kf6 {[%clk 0:00:44]} 82. Ke2 {[%clk 0:01:21]} Nd4+
{[%clk 0:00:40]} 83. Kd2 {[%clk 0:01:08]} Nb3+ {[%clk 0:00:44]} 84. Ke3
{[%clk 0:01:29]} Ke6 {[%clk 0:01:00]} 85. Rh7 {[%clk 0:01:27]} Kd6
{[%clk 0:01:03]} 86. Rh6+ {[%clk 0:00:50]} Kc7 {[%clk 0:01:28]} 87. Rg6
{[%clk 0:00:58]} Nd4 {[%clk 0:01:24]} 88. Kd2 {[%clk 0:01:20]} Nf3+
{[%clk 0:00:44]} 89. Ke3 {[%clk 0:01:44]} Rc3 {[%clk 0:01:02]} 90. Rg7+
{[%clk 0:01:24]} Kd6 {[%clk 0:01:12]} 91. Ke4 {[%clk 0:01:11]} Nd2+
{[%clk 0:01:08]} 92. Ke3 {[%clk 0:01:13]} Nb3 {[%clk 0:01:08]} 93. Ke2
{[%clk 0:01:20]} Nc1+ {[%clk 0:01:06]} 94. Nxc1 {[%clk 0:01:32]} Rxc1
{[%clk 0:01:33]} 95. Rg4 {[%clk 0:01:49]} Rc4 {[%clk 0:01:13]} 96. Rxc4
{[%clk 0:00:54]} bxc4 {[%clk 0:01:40]} 97. Kd2 {[%clk 0:00:50]} Ke5
{[%clk 0:02:06]} 98. Kc3 {[%clk 0:00:39]} Kd5 {[%clk 0:02:32]} 99. Kc2
{[%clk 0:00:47]} Kd4 {[%clk 0:02:58]} 100. Kd2 {[%clk 0:01:08]} c3+
{[%clk 0:03:25]} 101. Kc2 {[%clk 0:01:34]} Kc4 {[%clk 0:03:52]} 102. Kc1
{[%clk 0:01:34]} Kxb4 {[%clk 0:04:18]} 103. Kc2 {[%clk 0:01:58]} Kc4
{[%clk 0:04:45]} 104. Kc1 {[%clk 0:02:25]} Kb3 {[%clk 0:05:12]} 105. Kb1
{[%clk 0:02:51]} c2+ {[%clk 0:05:38]} 106. Kc1 {[%clk 0:03:18]} c5
{[%clk 0:06:05]} 0-1

[Event "ewcc-2015"]
[Site "Chakvi. Adjara"]
[Date "2015.05.22"]
[Round "4.5"]
[White "Galojan, Lilit"]
[Black "Hoang, Thanh Trang"]
[Result "1/2-1/2"]
[LiveChessVersion "1.3.1"]
[BlackElo "2472"]
[WhiteElo "2275"]

1. d4 {[%clk 1:30:54]} f5 {[%clk 1:30:17]} 2. Nf3 {[%clk 1:31:16]} Nf6
{[%clk 1:30:24]} 3. g3 {[%clk 1:31:39]} e6 {[%clk 1:28:22]} 4. c4
{[%clk 1:31:07]} c6 {[%clk 1:27:36]} 5. Bg2 {[%clk 1:31:11]} d5 {[%clk 1:27:48]}
6. O-O {[%clk 1:31:02]} Bd6 {[%clk 1:28:03]} 7. b3 {[%clk 1:31:20]} Qe7
{[%clk 1:28:07]} 8. Bb2 {[%clk 1:29:28]} O-O {[%clk 1:25:44]} 9. Qc1
{[%clk 1:23:47]} b5 {[%clk 1:22:45]} 10. Ne5 {[%clk 1:14:43]} bxc4
{[%clk 1:16:44]} 11. bxc4 {[%clk 1:14:27]} Ba6 {[%clk 1:16:17]} 12. Ba3
{[%clk 1:05:08]} Nfd7 {[%clk 1:13:14]} 13. Bxd6 {[%clk 0:38:24]} Qxd6
{[%clk 1:13:32]} 14. Nxd7 {[%clk 0:38:48]} Nxd7 {[%clk 1:13:15]} 15. Qa3
{[%clk 0:35:45]} Qxa3 {[%clk 1:12:27]} 16. Nxa3 {[%clk 0:36:14]} Nb6
{[%clk 1:09:19]} 17. cxd5 {[%clk 0:27:41]} cxd5 {[%clk 1:09:18]} 18. Rfc1
{[%clk 0:27:15]} Rfc8 {[%clk 1:04:20]} 19. Bf1 {[%clk 0:24:50]} Kf7
{[%clk 1:02:14]} 20. e3 {[%clk 0:24:34]} Bxf1 {[%clk 1:02:09]} 21. Kxf1
{[%clk 0:25:02]} Ke7 {[%clk 1:02:18]} 22. h4 {[%clk 0:22:51]} Kd7
{[%clk 0:59:28]} 23. Ke1 {[%clk 0:22:52]} Rab8 {[%clk 0:53:25]} 24. Kd2
{[%clk 0:20:46]} Na4 {[%clk 0:50:40]} 25. Rxc8 {[%clk 0:19:30]} Rxc8
{[%clk 0:49:10]} 26. Rb1 {[%clk 0:19:39]} Rc7 {[%clk 0:42:37]} 27. Rb3
{[%clk 0:19:31]} Nb6 {[%clk 0:39:23]} 28. Rc3 {[%clk 0:19:22]} Rxc3
{[%clk 0:38:05]} 29. Kxc3 {[%clk 0:19:51]} Kc6 {[%clk 0:38:08]} 30. Kb4
{[%clk 0:18:56]} Nc8 {[%clk 0:35:49]} 31. Nb1 {[%clk 0:17:56]} Kb6
{[%clk 0:34:11]} 32. Nd2 {[%clk 0:16:40]} Nd6 {[%clk 0:34:15]} 33. a3
{[%clk 0:16:29]} g6 {[%clk 0:30:40]} 34. a4 {[%clk 0:14:37]} h6 {[%clk 0:29:08]}
35. Ka3 {[%clk 0:13:53]} g5 {[%clk 0:26:10]} 36. hxg5 {[%clk 0:14:20]} hxg5
{[%clk 0:26:31]} 37. Kb4 {[%clk 0:14:28]} g4 {[%clk 0:23:13]} 38. Ka3
{[%clk 0:14:05]} Kc6 {[%clk 0:20:22]} 39. Kb4 {[%clk 0:14:17]} a6
{[%clk 0:19:41]} 40. Kc3 {[%clk 0:43:56]} Kc7 {[%clk 0:44:44]} 41. Kb4
{[%clk 0:41:44]} Kb6 {[%clk 0:42:13]} 42. Ka3 {[%clk 0:38:49]} Kc7
{[%clk 0:39:06]} 43. Kb4 {[%clk 0:36:30]} Kc6 {[%clk 0:39:29]} 44. Kc3
{[%clk 0:35:41]} Nf7 {[%clk 0:39:28]} 45. Nb3 {[%clk 0:18:59]} Ng5
{[%clk 0:38:55]} 46. Nc5 {[%clk 0:19:26]} e5 {[%clk 0:31:27]} 47. Kd2
{[%clk 0:18:20]} Nf3+ {[%clk 0:26:37]} 48. Ke2 {[%clk 0:18:21]} exd4
{[%clk 0:23:28]} 49. Nxa6 {[%clk 0:18:33]} dxe3 {[%clk 0:23:18]} 50. Kxe3
{[%clk 0:18:26]} d4+ {[%clk 0:20:07]} 51. Kd3 {[%clk 0:15:42]} Kb6
{[%clk 0:19:42]} 52. Nb8 {[%clk 0:14:56]} Kc7 {[%clk 0:16:39]} 53. Na6+
{[%clk 0:15:23]} Kb6 {[%clk 0:17:22]} 54. Nb8 {[%clk 0:15:49]} Kc7
{[%clk 0:16:40]} 55. Ke4 1/2-1/2